| 000 | 00564nam a2200229Ia 4500 | ||
|---|---|---|---|
| 005 | 20250425162020.0 | ||
| 008 | 250425s9999 xx 000 0 und d | ||
| 041 | _aspa | ||
| 082 | _a621.822 | ||
| 245 | 0 | _aSELECCION Y APLICACION DE RODAMIENTOS: SEMINARIO | |
| 250 | _a1A ED. | ||
| 260 |
_aEcuador _bESPOL _c1988 |
||
| 260 | _aGUAYAQUIL | ||
| 300 | _a50 | ||
| 500 | _aConsultar D-24226 (folleto) en BIBTEC | ||
| 650 | _aCOJINETES | ||
| 650 | _aMAQUINARIA | ||
| 650 | _aMETALISTERIA | ||
| 650 | _aPIEZAS MOLDEADAS | ||
| 942 | _c01 | ||
| 010 | _a40644 | ||
| 999 |
_c220679 _d220679 |
||